Ricostruisci la Carriera del Calciatore - Andrea Pirlo - Statistics

Statistiche generali
  • Questo quiz è stato fatto 60 volte
  • Il punteggio medio è 6 su 8
Statistiche sulle risposte
Hint Risposta % Corretto
2015-2017 New York City
86%
1995-1998 Brescia
81%
2011-2015 Juventus
81%
2001-2011 Milan
76%
1998-1999 Inter
64%
1999-2000 Reggina
64%
2000-2001 Inter
62%
2001 Brescia
43%
Nessun quiz corrispondente trovato
Distribuzione punteggi
Percentuale di utenti per punteggio
Percentile per numero di risposta
I tuoi punteggi nel tempo
Non hai fatto questo quiz